000 01714nam0a22003611 4500
001 v19\rc\1298598
005 20090814134240.2
035 _a(NLR Aleph) 005201814
090 _a5317798
_c5317798
100 _a20060306d1865 |||y0rusy50 ca
101 1 _arus
_cger
102 _aRU
105 _ah z |||||
200 1 _aВертер
_eОпыт моногр. с пер. романа Гете "Страдания молодого Вертера" А. Струговщикова
210 _aСанкт-Петербург
_cтип. т-ва "Обществ. польза"
_d1865
215 _a[6], LX, [4], 178 с., [2] л. факс.
_d18
300 _aЗагл. ориг.: Die leiden des jungen Werthers. Пер. также под загл.: Страдания Вертера, Страдания юного Вертера, Страсти молодого Вертера
320 _aБиблиогр.: Литература Вертера (с. 171-177)
451 0 _12001#$aСтрадания Вертера
451 0 _12001#$aСтрадания юного Вертера
451 0 _12001#$aСтрасти молодого Вертера
454 0 _12001#$aDie leiden des jungen Werthers
500 1 0 _aстрадания
_2nlr_sh2
700 1 _aГете
_bИ. В.
_f1749-1832
_gИоганн Вольфганг
_3RU\NLR\AUTH\771353
_7ca
702 1 _aСтруговщиков
_bА. Н.
_f1808-1878
_gАлександр Николаевич
_4730
801 0 _aRU
_bNLR
_c20060306
_gpsbo
801 0 _aRU
_bRuMoRGB
_c20060306
_2psbo
801 1 _aRU
_bProSoft-M
_c20060306
_2rusmarc
801 2 _aRU
_bNLR
_c20090814
_2rusmarc
852 _aNLR
_j18.113.4.54
852 _aNLR
_j129/1025
942 _cBOOK
980 _aNB